[Event "Titled Tue 10th Jun Late"]
[Site "chess.com INT"]
[Date "2025.06.10"]
[Round "10"]
[White "Maghsoodloo,Parham"]
[Black "Nakamura,Hi"]
[Result "1-0"]
[WhiteElo "2691"]
[BlackElo "2804"]

1.c4 e5 2.Nc3 Nf6 3.Nf3 Nc6 4.e3 Bb4 5.Nd5 e4 6.Nxb4 Nxb4 7.a3 Nc6 8.Ng1 d5
9.cxd5 Qxd5 10.d4 Qd6 11.Bd2 Be6 12.Rc1 O-O 13.Ne2 Rfd8 14.Qc2 Rac8 15.h3 h5
16.Nf4 Ne7 17.Bb4 Qd7 18.Bxe7 Qxe7 19.Qc5 Qxc5 20.Rxc5 Bd5 21.Be2 h4 22.Bg4 Rb8
23.Rxc7 Bc6 24.Re7 Ne8 25.Re5 Nd6 26.Rc5 a5 27.Be2 a4 28.Kd2 g6 29.Rhc1 Kg7
30.Kc3 Ra8 31.Kb4 Rdb8 32.Nd5 Nc8 33.Nc7 Ra7 34.d5 Bd7 35.Bb5 Nb6 36.d6 Rd8
37.Rd1 Bf5 38.Rd4 Nc8 39.d7 Ne7 40.Ne8+ Kf8 41.Nd6 b6 42.Re5 Bxd7 43.Nxe4 Nf5
44.Rdd5 Kg7 45.Nc3 Rc7 46.Re4 Kf8 47.Rc4 Ra7 48.Bxd7 Raxd7 49.Rxd7 Rxd7 50.Nxa4 Rd2
51.Rf4 Ne7 52.Kc3 Re2 53.Kd3 Re1 54.Nxb6 g5 55.Rc4 Rg1 56.g3 hxg3 57.fxg3 Rxg3
58.a4 Nf5 59.Nd5 Rxh3 60.a5 Rh1 61.Ra4 Rd1+ 62.Ke4 Nd6+ 63.Ke5 Nb5 64.a6 Na7
65.Rc4 Ra1 66.Nb4 Ra4 67.Kf6 Ke8 68.Kxg5 Kd7 69.Rd4+ Ke6 70.Re4+ Kd6 71.Kf6 Nb5
72.Rf4 Ra1 73.Kxf7 Kc5 74.b3 Nd6+ 75.Ke6 Nb5 76.Rc4+ Kb6 77.e4 Rh1 78.e5 Rh6+
79.Ke7 Nc7 80.a7 Rh7+ 81.Kf6 Kxa7 82.Kg6 Rd7 83.Kf5 Rf7+ 84.Ke4 Kb6 85.Nd5+  1-0

[Event "Titled Tue 10th Jun Late"]
[Site "chess.com INT"]
[Date "2025.06.10"]
[Round "11"]
[White "Nakamura,Hi"]
[Black "Mishra,Abhimanyu"]
[Result "1-0"]
[WhiteElo "2804"]
[BlackElo "2611"]

1.b3 d5 2.Bb2 Bf5 3.d3 Nf6 4.Nd2 c5 5.g3 Nc6 6.Ngf3 Qc7 7.Nh4 Bd7 8.Bg2 d4
9.e4 dxe3 10.fxe3 g6 11.Ne4 Bg7 12.O-O O-O 13.Nxc5 Bg4 14.Qe1 Rad8 15.Rb1 e5
16.Na4 Nd5 17.Nc3 Ncb4 18.Nxd5 Nxd5 19.Rf2 Bh6 20.e4 Ne3 21.Bc1 Qb6 22.Kh1 f5
23.exf5 gxf5 24.h3 Bh5 25.Bxe3 Bxe3 26.Rxf5 Bg6 27.Rf3 Rxf3 28.Bxf3 Rf8 29.Qe2 Qd4
30.Nxg6 hxg6 31.Rf1 b6 32.c3 Qc5 33.b4 Qxc3 34.Qxe3  1-0

[Event "Titled Tue 10th Jun Early"]
[Site "chess.com INT"]
[Date "2025.06.10"]
[Round "11"]
[White "Le Tuan Minh"]
[Black "Nakamura,Hi"]
[Result "0-1"]
[WhiteElo "2598"]
[BlackElo "2804"]

1.d4 g6 2.e4 d6 3.Bc4 a6 4.c3 e6 5.Bb3 Bg7 6.Nf3 b6 7.O-O Bb7 8.Re1 Nd7 9.Nbd2 Ne7
10.Nf1 h6 11.Ng3 c5 12.Be3 Qc7 13.h3 O-O-O 14.a4 Kb8 15.Qd3 d5 16.exd5 Nxd5
17.Bxd5 Bxd5 18.Qxa6 cxd4 19.Nxd4 Bxd4 20.Bxd4 Bc4 21.Bxb6 Bxa6 22.Bxc7+ Kxc7
23.b4 Bc4 24.Re4 Bd5 25.Rd4 Ne5 26.c4 Bb7 27.Rf4 f5  0-1

[Event "FIDE World Rapid Team"]
[Site "London ENG"]
[Date "2025.06.11"]
[Round "1.3"]
[White "Nakamura,Hi"]
[Black "Dishman,S"]
[Result "1-0"]
[WhiteElo "2804"]
[BlackElo "2274"]

1.Nf3 d5 2.e3 Nf6 3.c4 dxc4 4.Bxc4 e6 5.b3 a6 6.Bb2 Be7 7.d4 b6 8.O-O Bb7
9.Qe2 O-O 10.Rd1 Nbd7 11.Nc3 b5 12.Bd3 c5 13.dxc5 Bxc5 14.a4 b4 15.Nb1 Qe7
16.Nbd2 e5 17.Ng5 h6 18.Nge4 Ba7 19.Rac1 Nc5 20.Nxc5 Bxc5 21.Nc4 e4 22.Bb1 a5
23.Bxf6 Qxf6 24.Nd2 Bd6 25.Qg4 Qe5 26.Qh3 Bc8 27.Qh4 Be6 28.Nxe4 Bb8 29.Nc5 Ba7
30.Nxe6 Qxe6 31.Qe4 Qxe4 32.Bxe4 Rac8 33.Rxc8 Rxc8 34.g4 f6 35.Rd7 Bc5 36.Bg6 Bf8
37.Ra7 Rc3 38.Kg2 Rc5 39.h4 Re5 40.Ra8 Rc5 41.Kf3 Rc3 42.Be4 Rc5 43.Bd3 Kf7
44.Bb5 Bd6 45.Rxa5 Ke7 46.Ra8 Rc7 47.h5 Bc5 48.Bc4 Kd6 49.Rb8 Ra7 50.Ke4 Re7+
51.Kf5 Re5+ 52.Kf4 Re7 53.a5 Ra7 54.a6 Re7 55.Rc8 Bb6 56.Bb5 Bc5 57.Kf5 Re5+
58.Kg6 Rg5+ 59.Kf7 Rxg4 60.Rc6+ Kd5 61.Rxc5+  1-0

[Event "FIDE World Rapid Team"]
[Site "London ENG"]
[Date "2025.06.11"]
[Round "3.2"]
[White "Eljanov,P"]
[Black "Nakamura,Hi"]
[Result "1/2-1/2"]
[WhiteElo "2669"]
[BlackElo "2804"]

1.d4 d5 2.Nf3 Nf6 3.Bf4 c5 4.e3 Nc6 5.Nbd2 Nh5 6.Be5 e6 7.Bb5 f6 8.Bg3 Nxg3
9.hxg3 cxd4 10.Nxd4 Bd7 11.Qe2 g6 12.c3 Bg7 13.e4 Nxd4 14.cxd4 O-O 15.Bxd7 Qxd7
16.Nf3 dxe4 17.Qxe4 Rac8 18.O-O Rc6 19.Rac1 Rfc8 20.Rxc6 Qxc6 21.Qe3 a6 22.g4 g5
23.b3 b5 24.Re1 Re8 25.Nd2 h6 26.Ne4 Rd8 27.Nc5 e5 28.dxe5 fxe5 29.Ne4 Rd4
30.Qf3 Qd5 31.Qf5 Qc6 32.Re3 b4 33.Qf3 Qd5 34.Kh2 a5 35.Re2 Qf7 36.Qf5 Qd7
37.f3 Qxf5 38.gxf5 g4 39.fxg4 Kf7 40.Kg3 Bf6 41.Kf3 Rd3+ 42.Re3 Rd1 43.Re2 Rd3+
44.Kf2 Rd4 45.g3 Be7 46.Ke3 Rd1 47.Rd2 Re1+ 48.Kf3 Rf1+ 49.Ke2 Ra1 50.Rc2 Bg5
51.Nxg5+ hxg5 52.Kf3 Kf6 53.Rc6+ Kf7 54.Rc2 Kf6 55.Rd2 Rf1+ 56.Ke4 Re1+ 57.Kd5 Re3
58.Kc6 Rxg3 59.Rd6+ Kf7 60.Kd5 Rg2 61.Kxe5 Re2+ 62.Kd5 Rxa2 63.Rd7+ Kf6 64.Rd6+ Kf7
65.Rg6 Rc2 66.Rxg5 Rc3 67.Rg6 Rxb3 68.g5 Rg3 69.Rf6+ Kg7 70.Rg6+ Kf7 71.Ke5 b3
72.Rf6+ Kg7 73.Rg6+ Kf7 74.Rf6+ Kg7 75.Ke4  1/2-1/2

[Event "FIDE World Rapid Team"]
[Site "London ENG"]
[Date "2025.06.12"]
[Round "5.3"]
[White "Nakamura,Hi"]
[Black "Adams,Mi"]
[Result "1-0"]
[WhiteElo "2804"]
[BlackElo "2659"]

1.c4 e5 2.a3 Nf6 3.d3 g6 4.Nf3 d6 5.b4 Bg7 6.Bb2 O-O 7.e3 a5 8.Nbd2 axb4
9.axb4 Rxa1 10.Qxa1 Na6 11.Bc3 Qe7 12.Be2 c5 13.b5 Nc7 14.O-O b6 15.Qb2 Bb7
16.Ra1 Ne6 17.Ne1 Ra8 18.Bf3 Bxf3 19.Nexf3 Qb7 20.Ne1 Nd7 21.Ne4 d5 22.Nd6 Qb8
23.Rxa8 Qxa8 24.cxd5 Qxd5 25.Nc4 e4 26.Bxg7 Nxg7 27.Qc2 exd3 28.Nxd3 Ne6
29.f3 h5 30.h4 Qa8 31.Nf2 Qa1+ 32.Kh2 Qf6 33.Qe4 Qc3 34.Qd5 Kg7 35.Ne4 Qe1
36.Ng3 Qc3 37.Nd6 Ne5 38.Nge4 Qb2 39.Ng5 Nxg5 40.hxg5 Kg8 41.Qa8+ Kh7 42.Ne4 Kg7
43.Nf6 Nxf3+ 44.Qxf3 Qxb5 45.Qa8  1-0

[Event "FIDE World Rapid Team"]
[Site "London ENG"]
[Date "2025.06.12"]
[Round "6.2"]
[White "Nakamura,Hi"]
[Black "Harikrishna,P"]
[Result "1/2-1/2"]
[WhiteElo "2804"]
[BlackElo "2707"]

1.e4 e5 2.Nf3 Nc6 3.Bb5 a6 4.Ba4 Nf6 5.d3 b5 6.Bb3 Be7 7.a4 Rb8 8.O-O O-O
9.axb5 axb5 10.Nc3 d6 11.h3 h6 12.Nd5 Nxd5 13.exd5 Nd4 14.Nxd4 exd4 15.Re1 Bf6
16.Qf3 Kh7 17.Re4 Re8 18.Bd2 Bd7 19.Rae1 Rxe4 20.dxe4 Kg8 21.Qd3 c5 22.dxc6 Bxc6
23.f4 Qc7 24.g4 Bh4 25.Re2 b4 26.Bc4 Qb7 27.g5 d5 28.exd5 Bxd5 29.Qxd4 Bxc4
30.Qxc4 Rc8 31.Qd3 hxg5 32.fxg5 Qc7 33.Qe4 Qc4 34.Bxb4 Qb5 35.g6 fxg6 36.Bc3 Rf8
37.Qe5 Qb7 38.Qe4 Qb5 39.Kh2 Bf6 40.Bxf6 Rxf6 41.c4 Qb8+ 42.Kg2 Kh7 43.Qh4+ Kg8
44.Qe4 Kh7 45.Qh4+ Kg8 46.Qd4 Rf5 47.h4 Qa8+ 48.Qe4 Qa1 49.Rf2 Rxf2+ 50.Kxf2 Qxb2+
51.Kg3 Qc3+ 52.Kg4 Kh8 53.Qd5 Qb4 54.h5 gxh5+ 55.Kxh5 Qb3 56.Kg6 Qg3+ 57.Kf7 Qc7+
58.Ke6 Qc8+ 59.Ke5 Qc7+ 60.Ke4 Qe7+ 61.Kd4 Qf6+ 62.Kc5 g5 63.Kb5 Qb2+ 64.Kc5 Qf6
65.Qd7 Qf4 66.Kb5 g4 67.c5 g3 68.c6 Qf1+ 69.Ka5  1/2-1/2

[Event "FIDE World Rapid Team"]
[Site "London ENG"]
[Date "2025.06.12"]
[Round "7.3"]
[White "Nakamura,Hi"]
[Black "Dominguez Perez,L"]
[Result "1/2-1/2"]
[WhiteElo "2804"]
[BlackElo "2738"]

1.e4 e5 2.Nf3 Nc6 3.Bb5 Nf6 4.d3 Bc5 5.c3 O-O 6.O-O d6 7.Be3 Bxe3 8.fxe3 Ne7
9.Ba4 Ng6 10.Nbd2 c6 11.Bb3 Qe7 12.Qe1 Be6 13.Nh4 Nxh4 14.Qxh4 Bxb3 15.axb3 Rfe8
16.b4 a6 17.Rf5 Nd7 18.Qg3 f6 19.h4 Nf8 20.Raf1 Kh8 21.h5 h6 22.Nf3 a5 23.bxa5 Rxa5
24.d4 Raa8 25.Nh4 exd4 26.exd4 Qxe4 27.R5f2 Qe3 28.Qxd6 Ra5 29.Nf3 Qe7 30.Qh2 Qd7
31.Nh4 Nh7 32.Nf5 Ng5 33.Qd6 Qf7 34.Qb4 Qc7 35.Qd6 Qf7 36.Qb4 Qc7 37.Qd6  1/2-1/2

[Event "FIDE World Rapid Team"]
[Site "London ENG"]
[Date "2025.06.12"]
[Round "8.3"]
[White "Agmanov,Zhandos"]
[Black "Nakamura,Hi"]
[Result "0-1"]
[WhiteElo "2481"]
[BlackElo "2804"]

1.e4 c5 2.Nf3 Nc6 3.Bb5 d6 4.O-O Nf6 5.Re1 Bd7 6.c3 a6 7.Bf1 Bg4 8.d4 cxd4
9.cxd4 d5 10.e5 Nd7 11.Be3 e6 12.Nc3 Bf5 13.Bd3 Bxd3 14.Qxd3 Be7 15.g3 O-O
16.h4 h6 17.Kg2 Qe8 18.Bf4 f5 19.exf6 Rxf6 20.Re2 Qf7 21.Rae1 Rf8 22.Qd2 Bb4
23.Nh2 Nb6 24.Be3 Nc4 25.Qd3 Nxe3+ 26.fxe3 Bd6 27.e4 Rf2+ 28.Kg1 Nxd4 29.Qxd4 Bxg3
30.Kh1 Rxh2+ 31.Rxh2 Bxe1 32.Rg2 Bxh4 33.exd5 Bf6 34.Qe4 Bxc3 35.bxc3 exd5
36.Qe5 Qf1+ 37.Kh2 Qf4+  0-1

[Event "FIDE World Rapid Team"]
[Site "London ENG"]
[Date "2025.06.13"]
[Round "9.2"]
[White "Nakamura,Hi"]
[Black "Moussard,J"]
[Result "1-0"]
[WhiteElo "2804"]
[BlackElo "2597"]

1.Nf3 Nf6 2.g3 d5 3.Bg2 e6 4.O-O Be7 5.d3 O-O 6.Nbd2 a5 7.a4 Nc6 8.d4 b6
9.c3 Nb8 10.b3 c5 11.c4 Nc6 12.Bb2 Bb7 13.e3 Nb4 14.Qe2 Rc8 15.Rac1 Qc7 16.dxc5 bxc5
17.Ne5 Rfd8 18.Rfd1 h6 19.h4 Bd6 20.Ng4 Nxg4 21.Qxg4 Be5 22.Bxe5 Qxe5 23.cxd5 exd5
24.Nf3 Qb2 25.Rb1 Qf6 26.Ne1 Ba6 27.Bf1 Bxf1 28.Kxf1 d4 29.exd4 cxd4 30.Rd2 d3
31.Qf3 Qe6 32.Kg1 Rc3 33.Ng2 Rxb3 34.Rc1 Qd5 35.Qg4 Qd7 36.Qf4 Qxa4 37.Ne3 Qd7
38.Nf5 Qe6 39.Nd4 Qd5 40.Nxb3 Qxb3 41.Qc7 Qd5 42.Rc5 Qd4 43.Qxa5 Re8 44.Rc1 g6
45.Qc5 Qe4 46.Qc4 h5 47.Kh2 Kg7 48.Qc3+ Kg8 49.Rb1 Nc6 50.Qxd3 Qxd3 51.Rxd3 Ne5
52.Rdb3 Kg7 53.Kg2 Ng4 54.R1b2 Re6 55.Ra3 Re5 56.Raa2 Re7 57.Re2 Rc7 58.Ra3 Rd7
59.Ra4 Rc7 60.f3 Nh6 61.g4 hxg4 62.fxg4 Rb7 63.Re5 Rb2+ 64.Kf3 Rb3+ 65.Re3 Rb7
66.Rea3 Rb1 67.Ra2 Rb3+ 68.Kg2 Rb7 69.Rc2 Rd7 70.Rf2 Rd5 71.Kg3 Rb5 72.Rf3 Rc5
73.Kf4 Rb5 74.g5 Nf5 75.Kg4 Nd6 76.Rf6 Ne8 77.Rc6 Rd5 78.Ra7 Rd4+ 79.Kh3 Re4
80.h5 gxh5 81.g6 Rf4 82.Re7 Nf6 83.gxf7 Nd5 84.Rd7 Nf6 85.Ra7 Rf3+ 86.Kh4 Rf4+
87.Kg5 Rf1 88.f8=B+ Kxf8 89.Rxf6+  1-0

[Event "FIDE World Rapid Team"]
[Site "London ENG"]
[Date "2025.06.13"]
[Round "10.3"]
[White "Nakamura,Hi"]
[Black "Erdos,V"]
[Result "1-0"]
[WhiteElo "2804"]
[BlackElo "2545"]

1.e4 c5 2.Nf3 d6 3.Bb5+ Nc6 4.O-O Bd7 5.Re1 Nf6 6.c3 a6 7.Bf1 Bg4 8.h3 Bxf3
9.Qxf3 g6 10.d3 Bg7 11.Be3 O-O 12.Nd2 e6 13.Qd1 Rc8 14.a4 Nd7 15.Nf3 Nce5
16.Nh2 Qc7 17.f4 Nc6 18.Nf3 Rfd8 19.Bf2 Ne7 20.g4 Nf6 21.a5 Nc6 22.Qa4 Nd7
23.h4 Rb8 24.Bh3 b6 25.axb6 Rxb6 26.Ra2 Rdb8 27.Re2 d5 28.e5 d4 29.Bg2 dxc3
30.bxc3 Rb1+ 31.Re1 Nb6 32.Qc2 Rxe1+ 33.Nxe1 a5 34.Rb2 Bf8 35.Qb1 Nd5 36.Rxb8 Qxb8
37.Qxb8 Nxb8 38.Bxd5 exd5 39.Nc2 Nd7 40.Kf1 Nb6 41.Ke2 Be7 42.f5 gxf5 43.gxf5 f6
44.e6 Bd6 45.Na3 Kf8 46.Nb5 Ke7 47.Nxd6 Kxd6 48.Bxc5+  1-0

[Event "FIDE World Rapid Team"]
[Site "London ENG"]
[Date "2025.06.13"]
[Round "11.3"]
[White "Svane,Frederik"]
[Black "Nakamura,Hi"]
[Result "0-1"]
[WhiteElo "2667"]
[BlackElo "2804"]

1.e4 e5 2.Nf3 Nc6 3.Bb5 Nf6 4.d3 Ne7 5.Nc3 c6 6.Bc4 Ng6 7.Bb3 d6 8.d4 Bg4
9.dxe5 Nxe5 10.h3 Bh5 11.Be3 Nxf3+ 12.gxf3 Nd7 13.Bc4 b5 14.Be2 b4 15.Nb1 Be7
16.Nd2 O-O 17.f4 Bxe2 18.Qxe2 Qa5 19.Nc4 Qc7 20.O-O-O Nb6 21.Rhg1 d5 22.Ne5 g6
23.h4 Bd6 24.h5 Bxe5 25.fxe5 Qxe5 26.f3 dxe4 27.f4 Qe6 28.Kb1 Rad8 29.Rdf1 Rd5
30.Rh1 Rfd8 31.Bc1 e3 32.Rf3 Rd2 33.Qxe3 Rd1 34.Qxe6 fxe6 35.Rff1 Rxf1 36.Rxf1 gxh5
37.f5 Kf7 38.b3 Nd5 39.Kb2 e5 40.Rh1 Nf6 41.Bg5 a5 42.a3 Rg8 43.Bxf6 Kxf6
44.axb4 axb4 45.Rxh5 Rg1 46.Rh4 c5 47.Rxh7 e4 48.Rh8 Kxf5 49.Rf8+ Ke5 50.Re8+ Kf4
51.Rf8+ Kg3 52.Rg8+ Kf2 53.Rf8+ Ke2 54.Rf5 e3 55.Rxc5 Kf3 56.Rf5+ Ke4 57.Rf8 e2
58.Re8+ Kf3 59.Rf8+ Ke3 60.Re8+ Kf2 61.Rf8+ Ke1 62.c3 Rf1 63.Re8 Kf2 64.cxb4 e1=Q
65.Rxe1 Rxe1 66.Kc3 Ke3 67.b5 Ke4  0-1

[Event "FIDE World Rapid Team"]
[Site "London ENG"]
[Date "2025.06.13"]
[Round "12.3"]
[White "Nakamura,Hi"]
[Black "Kasimdzhanov,R"]
[Result "1/2-1/2"]
[WhiteElo "2804"]
[BlackElo "2675"]

1.e4 e5 2.Nf3 Nc6 3.Bb5 a6 4.Ba4 Bc5 5.c3 Nge7 6.O-O Ng6 7.d4 Ba7 8.Bxc6 dxc6
9.Nxe5 Nxe5 10.dxe5 Qe7 11.Qf3 Qxe5 12.Bf4 Qe7 13.Qg3 O-O 14.Nd2 Bb6 15.Nc4 Qxe4
16.Nxb6 cxb6 17.Rfe1 Qg6 18.Qxg6 hxg6 19.Re7 b5 20.f3 a5 21.a3 a4 22.Kf2 Be6
23.Rxb7 Rfe8 24.Re1 Bc4 25.Rxe8+ Rxe8 26.Be3 Rd8 27.Ke1 Re8 28.Kf2 Rd8 29.Ke1 Re8
30.Kf2  1/2-1/2

[Event "FIDE World Bl Team Pool A"]
[Site "London ENG"]
[Date "2025.06.14"]
[Round "1.2"]
[White "Nakamura,Hi"]
[Black "Jacobsen,Mikkel Manosri"]
[Result "1-0"]
[WhiteElo "2804"]
[BlackElo "2223"]

1.Nf3 d5 2.e3 Nf6 3.b3 b6 4.Bb2 Bb7 5.g3 e6 6.Bg2 Be7 7.O-O O-O 8.Qe2 c5
9.c4 Nc6 10.Rd1 d4 11.exd4 cxd4 12.d3 Rb8 13.Na3 Re8 14.Nc2 e5 15.Nd2 Nd7
16.Re1 Bf8 17.a3 a5 18.Rab1 Nc5 19.b4 Na4 20.Bd5 axb4 21.Qf3 Qd7 22.Ne4 Nc3
23.Bxc3 bxc3 24.Rxb6 Nd8 25.Reb1 Bxd5 26.Rxb8 Bc6 27.g4 Ba4 28.Nb4 Qa7 29.Ra8 Qd7
30.Nd5 c2 31.Rc1 Re6 32.Qf5 Bxa3 33.Rxc2 Bxc2 34.Rxa3 Rd6 35.Ndf6+ gxf6 36.Nxf6+ Rxf6
37.Qxd7 Ne6 38.Ra8+ Kg7 39.Qe8 Bxd3 40.h4 Kg6 41.Qg8+ Kh6 42.g5+  1-0

[Event "FIDE World Bl Team Pool A"]
[Site "London ENG"]
[Date "2025.06.14"]
[Round "2.2"]
[White "Moiseenko,A1"]
[Black "Nakamura,Hi"]
[Result "0-1"]
[WhiteElo "2568"]
[BlackElo "2804"]

1.d4 d5 2.c4 e6 3.Nc3 a6 4.cxd5 exd5 5.Nf3 Nf6 6.Bg5 c6 7.e3 Bf5 8.Bd3 Bxd3
9.Qxd3 Nbd7 10.O-O Be7 11.Rab1 a5 12.a3 O-O 13.b4 b5 14.Qc2 Nb6 15.Ne5 Qe8
16.bxa5 Nc4 17.Nxc4 bxc4 18.a4 h6 19.Bxf6 Bxf6 20.Rb7 Bd8 21.Rfb1 Bxa5 22.Ne2 Qc8
23.g3 Bc7 24.Kg2 Re8 25.Nc3 Ba5 26.Ne2 Bc7 27.Nc3 Rd8 28.h3 Ba5 29.Ne2 Rd7
30.R7b2 Rda7 31.Ra2 Qd7 32.Rab2 Bc7 33.Nc3 Qe6 34.Rb7 g6 35.Rxa7 Rxa7 36.Rb2 Kg7
37.Rb1 Qe7 38.Rb2 Qa3 39.Ra2 Qe7 40.Rb2 Ba5 41.Ne2 Qa3 42.Ra2 Qd3 43.Nf4 Qxc2
44.Rxc2 Rb7 45.e4 g5 46.Nh5+ Kg6 47.g4 c3 48.exd5 cxd5 49.Re2 Rc7 50.Rc2 Rc4
51.Re2 Kh7 52.Re8 Rc6 53.Re1 c2 54.Rc1 Bd2  0-1

[Event "FIDE World Bl Team Pool A"]
[Site "London ENG"]
[Date "2025.06.14"]
[Round "3.2"]
[White "Nakamura,Hi"]
[Black "Short,N"]
[Result "1-0"]
[WhiteElo "2804"]
[BlackElo "2587"]

1.c4 e5 2.a3 d6 3.Nc3 g6 4.b4 Bg7 5.Bb2 f5 6.d3 Nf6 7.g3 O-O 8.Bg2 Nc6 9.b5 Ne7
10.e3 a6 11.a4 c6 12.Nge2 Be6 13.O-O d5 14.bxc6 bxc6 15.cxd5 cxd5 16.d4 e4
17.Ba3 Re8 18.a5 Nc6 19.Na4 Nxa5 20.Nc5 Nc4 21.Nxe6 Rxe6 22.Bb4 a5 23.Bc3 Rea6
24.Qa4 Qe8 25.Rfc1 Qxa4 26.Rxa4 Nb6 27.Ra2 Bf8 28.Nf4 a4 29.Bf1 R6a7 30.Rb1 Nbd7
31.h4 a3 32.Rb5 Rc7 33.Bd2 Rb8 34.Rxb8 Nxb8 35.Ne6 Rb7 36.Nxf8 Rb2 37.Rxa3 Rxd2
38.Ne6 Nbd7 39.Nf4 Ng4 40.Ra8+ Kf7 41.Ra7 Ke7 42.Bb5 Nf6 43.Nxd5+ Nxd5 44.Rxd7+ Ke6
45.Rxh7 Nf6 46.Bc4+ Kd6 47.Rg7 Ng4 48.Rxg6+ Ke7 49.Rxg4 fxg4 50.Bd5 Kf6 51.Bxe4 Rd1+
52.Kg2 Rd2 53.Bc6 Kg6 54.Be8+ Kh6 55.Kf1 Rb2 56.Bd7 Kh5 57.Be6 Rc2 58.Ke1 Rb2
59.d5 Rb1+ 60.Ke2 Rb2+ 61.Kd3 Rxf2 62.d6 Rf1 63.Ke4  1-0

[Event "FIDE World Bl Team Pool A"]
[Site "London ENG"]
[Date "2025.06.14"]
[Round "4.2"]
[White "Van Foreest,Jorden"]
[Black "Nakamura,Hi"]
[Result "0-1"]
[WhiteElo "2687"]
[BlackElo "2804"]

1.e4 e5 2.Nf3 Nc6 3.Bc4 Nf6 4.d3 Be7 5.O-O O-O 6.Re1 d6 7.a3 Be6 8.Bxe6 fxe6
9.b4 Qd7 10.c3 h6 11.Be3 a6 12.Nbd2 d5 13.Qc2 Rad8 14.d4 exd4 15.Bxd4 Nh5
16.exd5 exd5 17.Re3 Bd6 18.Rae1 Rf7 19.Nf1 Rdf8 20.Ng3 Nf4 21.Be5 Nh3+ 22.gxh3 Rxf3
23.Rxf3 Rxf3 24.Bxd6 Qxd6 25.Qe2 Rf8 26.Kg2 Kh8 27.Qe6 Qf4 28.Qe3 Qf6 29.Nh5 Qg6+
30.Ng3 Kh7 31.Rd1 Qf7 32.Rd2 Kh8 33.Qd3 Ne7 34.Re2 Ng6  0-1

[Event "FIDE World Bl Team Pool A"]
[Site "London ENG"]
[Date "2025.06.14"]
[Round "5.2"]
[White "Nakamura,Hi"]
[Black "Ahmad,Khagan"]
[Result "0-1"]
[WhiteElo "2804"]
[BlackElo "2394"]

1.e4 c5 2.Nf3 d6 3.Bb5+ Bd7 4.Bxd7+ Qxd7 5.O-O Nf6 6.d3 Nc6 7.Nbd2 e6 8.c3 Be7
9.Re1 O-O 10.Nf1 b5 11.d4 d5 12.Ne5 Qc7 13.Nxc6 Qxc6 14.e5 Nd7 15.Qg4 Rfc8
16.Ng3 cxd4 17.Bh6 g6 18.cxd4 Qc2 19.Re2 Qd3 20.Rd2 Qc4 21.h4 Nxe5 22.Qf4 Nd3
23.Qe3 Nb4 24.Qe5 Bf8 25.Bxf8 Kxf8 26.Qf6 Qc7 27.Re1 Qd8 28.Qf4 Kg8 29.h5 g5
30.Qf3 h6 31.Nf1 Rc2 32.Rdd1 Kg7 33.Qb3 Qf6 34.f3 Rc4 35.Ne3 Rxd4 36.Ng4 Rxd1
37.Rxd1 Qf4 38.Qc3+ f6 39.Rd4 Nxa2 40.Qd3 Qc1+ 41.Kf2 Qxb2+ 42.Kg3 f5 43.Ne3 Qc3
44.Rxd5 exd5 45.Qxd5 Qe1+ 46.Kh2 Qxe3 47.Qxa8 Qe5+ 48.Kh1 Qe1+ 49.Kh2 Qe5+
50.Kg1 Qc5+ 51.Kh2 Qc7+ 52.Kh1 Nb4 53.Qe8 Qd6 54.Qxb5 Nd5 55.Qb7+ Ne7 56.Qxa7 Qe5
57.Qb7 Kf7 58.Qb3+ Qd5 59.Qb2 f4 60.Qh8 Nf5 61.Qh7+ Kf6 62.Qh8+ Ke6 63.Qg8+ Ke5
64.Qh8+ Kd6 65.Qd8+ Kc5 66.Qa5+ Kd4 67.Qa1+ Kd3 68.Qd1+ Kc4 69.Qc2+ Kb4 70.Qb2+ Kc5
71.Qa3+ Kb5 72.Qb2+ Ka4 73.Qa1+ Kb4 74.Qb1+ Kc5 75.Qc1+ Kd6 76.Qa3+ Qc5 77.Qa6+ Ke5
78.Kh2 Qd6 79.Qa1+ Nd4 80.Qe1+ Kf6 81.Qe8 Nf5 82.Qh8+ Kf7 83.Qh7+ Ng7 84.Kh1 Qe6
85.Kh2 Qc6 86.Kh1 Qd6 87.Kh2 Qe6 88.Kh1 Qe1+ 89.Kh2 Qh4+ 90.Kg1 Qxh5 91.Qe4 Qg6
92.Qc4+ Qe6 93.Qc7+ Kg6 94.Qc2+ Nf5 95.Kh2 h5 96.Qc1 g4 97.Qc3 g3+ 98.Kh1 Nd4
99.Qd3+ Kg5 100.Qb1 h4 101.Qc1 Qe5 102.Qa1 h3 103.gxh3 g2+ 104.Kxg2 Qe2+
105.Kh1 Qxf3+ 106.Kh2 Qg3+ 107.Kh1 Qxh3+ 108.Kg1 Qe3+ 109.Kh1 Kg4 110.Qa7 Qe1+
111.Kh2 Qf2+ 112.Kh1 Qf1+  0-1

[Event "FIDE World Bl Team Pool A"]
[Site "London ENG"]
[Date "2025.06.14"]
[Round "6.2"]
[White "Reimanis,R"]
[Black "Nakamura,Hi"]
[Result "0-1"]
[WhiteElo "2355"]
[BlackElo "2804"]

1.d4 d5 2.Nf3 Nf6 3.c4 e6 4.Nc3 a6 5.cxd5 exd5 6.Bg5 c6 7.e3 Be7 8.Bd3 O-O
9.Qc2 Nbd7 10.O-O h6 11.Bf4 Nh5 12.Be5 Nxe5 13.dxe5 g6 14.Rad1 Ng7 15.e4 d4
16.Ne2 c5 17.Nd2 b5 18.b3 Bb7 19.f4 Rc8 20.f5 Bg5 21.Kh1 Qc7 22.Nf3 Be3 23.Qb1 c4
24.bxc4 bxc4 25.Bxc4 Qxc4 26.Qxb7 Qxe2 27.Rde1 Qb5 28.Qe7 gxf5 29.exf5 Nxf5
30.Qf6 Ng7 31.Nxd4 Bxd4 32.Qxh6 Bxe5 33.Rf3 Rc3 34.Rh3 Rxh3 35.Qxh3 Re8 36.Rd1 Qe2
37.Qb3 Bd4 38.h3 Nf5 39.Qa4 Re4 40.Rb1 Ng3+ 41.Kh2 Bg1+  0-1

[Event "FIDE World Bl Team Pool A"]
[Site "London ENG"]
[Date "2025.06.14"]
[Round "7.1"]
[White "Sava,Robert-Gabriel"]
[Black "Nakamura,Hi"]
[Result "0-1"]
[WhiteElo "2121"]
[BlackElo "2804"]

1.b4 Nf6 2.Bb2 g6 3.e3 Bg7 4.c4 O-O 5.Nf3 d6 6.Be2 e5 7.d4 a5 8.a3 e4 9.Nfd2 Re8
10.Nc3 h5 11.h3 h4 12.b5 c6 13.a4 c5 14.Nb3 Qe7 15.Qd2 Nbd7 16.O-O-O b6 17.Kb1 Nf8
18.dxc5 dxc5 19.Qd6 Qb7 20.Qc6 Re6 21.Qxb7 Bxb7 22.Nd5 Nxd5 23.cxd5 Rd6 24.Bxg7 Kxg7
25.Nd2 Bxd5 26.Nc4 Bxc4 27.Bxc4 Rad8 28.Rxd6 Rxd6 29.Kc2 Rf6 30.Rd1 Rxf2+
31.Kc3 Nh7 32.Rd6 Rf6 33.Rd5 Nf8 34.Re5 Rf2 35.Rxe4 Rxg2 36.Rxh4 Nd7 37.Re4 Kf8
38.Rf4 Ne5 39.Rf6 Rg3 40.Bb3 Rxe3+ 41.Kb2 c4 42.Bc2 Nd7 43.Rc6 Rxh3 44.Rxc4 Nc5
45.Rd4 Ke7 46.Rd1 f5 47.Re1+ Kf6 48.Re8 Rh7 49.Rb8 Nd7 50.Rc8 Re7 51.Rc6+ Kg5
52.Rd6 Ne5 53.Kc3 Rc7+ 54.Kb3 Nd7 55.Rc6 Rb7 56.Kc3 Ne5 57.Re6 Kf4 58.Bb3 g5
59.Bd5 Rb8 60.Rf6 Nd7 61.Rf7 Nc5 62.Kd4 g4 63.Bc4 Rd8+ 64.Kc3 Nxa4+ 65.Kc2 Rc8
66.Kb3 Nc5+ 67.Kc3 Ne4+ 68.Kd4 Rxc4+  0-1

[Event "FIDE World Bl Team Final"]
[Site "London ENG"]
[Date "2025.06.15"]
[Round "1.2"]
[White "Vitiugov,N"]
[Black "Nakamura,Hi"]
[Result "0-1"]
[WhiteElo "2671"]
[BlackElo "2804"]

1.e4 e5 2.Nf3 Nc6 3.Bb5 Nf6 4.d3 Ne7 5.O-O c6 6.Bc4 Ng6 7.Re1 Be7 8.Bb3 O-O
9.h3 a5 10.c3 h6 11.a4 Re8 12.Nbd2 Bf8 13.d4 d6 14.Bc2 Bd7 15.Nf1 b5 16.Ng3 Qc7
17.Be3 Rab8 18.axb5 cxb5 19.Qd2 b4 20.Bd3 bxc3 21.bxc3 a4 22.Rec1 Qa5 23.Qd1 Nf4
24.Bf1 a3 25.Nd2 Bb5 26.Bxb5 Rxb5 27.Nc4 Qc7 28.Nxa3 Ra5 29.c4 Qb7 30.d5 Rc8
31.Rab1 Qd7 32.Nb5 h5 33.f3 g6 34.Ne2 g5 35.Nxf4 gxf4 36.Bf2 Nh7 37.Qe2 Rca8
38.c5 dxc5 39.Bxc5 Bxc5+ 40.Rxc5 Rb8 41.Qb2 Nf8 42.Qb4 Ra2 43.Rb2 Ra1+ 44.Kh2 Qe7
45.Rcc2 Qg5 46.Rb1 Rba8 47.Rcb2 R8a2 48.Nc3 Rxb1 49.Nxb1 Qg3+ 50.Kh1 Ra1
51.Qd2 Nd7 52.Qc2 Kg7 53.Ra2 Qe1+ 54.Kh2 Rxb1  0-1

[Event "FIDE World Bl Team Final"]
[Site "London ENG"]
[Date "2025.06.15"]
[Round "1.1"]
[White "Nakamura,Hi"]
[Black "Vitiugov,N"]
[Result "1-0"]
[WhiteElo "2804"]
[BlackElo "2671"]

1.c4 e5 2.a3 g6 3.b4 Bg7 4.Bb2 Ne7 5.e3 O-O 6.d3 d5 7.cxd5 Nxd5 8.Qc2 a6
9.Nf3 Nc6 10.Be2 h6 11.O-O Qe7 12.Nc3 Nxc3 13.Bxc3 Bf5 14.Qb2 Rfd8 15.Rfd1 Rd7
16.a4 Re8 17.b5 axb5 18.axb5 Nd8 19.Ra8 g5 20.h3 b6 21.Ne1 Bg6 22.Nc2 Nb7
23.Rxe8+ Qxe8 24.Bf3 Nd8 25.Nb4 Qe7 26.e4 h5 27.Qe2 Qc5 28.Rc1 Qxb5 29.Bxh5 Ne6
30.Bxg6 fxg6 31.g3 c6 32.Qg4 Kf7 33.Kg2 Bf6 34.Bd2 c5 35.Nd5 Qxd3 36.Be1 Kg7
37.Nxb6 Rd6 38.Nc4 Ra6 39.Ne3 Qd7 40.Rd1 Qe8 41.Nd5 Nd4 42.Nc7 Qa4 43.Nxa6 Qxa6
44.Bd2 c4 45.Bxg5 Qc6 46.Bxf6+ Kxf6 47.h4 c3 48.Qg5+ Kf7 49.Qxe5 c2 50.Qxd4 cxd1=Q
51.Qxd1  1-0

[Event "FIDE World Bl Team Final"]
[Site "London ENG"]
[Date "2025.06.15"]
[Round "2.1"]
[White "Bluebaum,M"]
[Black "Nakamura,Hi"]
[Result "1/2-1/2"]
[WhiteElo "2663"]
[BlackElo "2804"]

1.d4 Nf6 2.c4 e6 3.Nc3 Bb4 4.e3 O-O 5.Bd2 d5 6.Nf3 b6 7.cxd5 exd5 8.Rc1 Re8
9.Ne5 c5 10.Bb5 Bd7 11.Nxd7 Nbxd7 12.O-O Rc8 13.Qa4 a6 14.Bxd7 Qxd7 15.Qxa6 c4
16.a4 Ra8 17.Qb5 Qxb5 18.axb5 Ra5 19.Ra1 Rea8 20.Rxa5 Rxa5 21.f3 h5 22.Rb1 Bxc3
23.Bxc3 Rxb5 24.Ra1 Rb3 25.Ra8+ Kh7 26.Ra7 b5 27.Rb7 Ne8 28.Kf2 Nd6 29.Rb6 Nc8
30.Rb7 Nd6 31.Rb6 Nc8 32.Rb7 Nd6 33.Rb6  1/2-1/2

[Event "FIDE World Bl Team Final"]
[Site "London ENG"]
[Date "2025.06.15"]
[Round "2.2"]
[White "Nakamura,Hi"]
[Black "Bluebaum,M"]
[Result "1/2-1/2"]
[WhiteElo "2804"]
[BlackElo "2663"]

1.Nf3 d5 2.g3 e6 3.Bg2 Nf6 4.O-O Bd6 5.d4 O-O 6.c4 Nc6 7.Nbd2 a5 8.Qc2 Nb4
9.Qb1 c5 10.e3 Nc6 11.dxc5 Bxc5 12.b3 Qe7 13.Bb2 Rd8 14.Rd1 h6 15.a3 b6 16.Ne5 Bb7
17.Nxc6 Bxc6 18.cxd5 Bxd5 19.Bxd5 Rxd5 20.Bxf6 Qxf6 21.Ne4 Qe5 22.Rxd5 Qxd5
23.Qc2 Rd8 24.Nxc5 bxc5 25.Rc1 Rb8 26.Qxc5 Rxb3 27.Qc8+ Kh7 28.Qc2+ Qd3 29.Qxd3+ Rxd3
30.a4  1/2-1/2

[Event "FIDE World Bl Team Final annulled"]
[Site "London ENG"]
[Date "2025.06.15"]
[Round "2.1"]
[White "Bluebaum,M"]
[Black "Nakamura,Hi"]
[Result "1-0"]
[WhiteElo "2663"]
[BlackElo "2804"]

1.d4 Nf6 2.c4 e6 3.Nc3 Bb4 4.e3 O-O 5.Bd2 d5 6.Nf3 c5 7.a3 Bxc3 8.Bxc3 Ne4
9.Rc1 b6 10.dxc5 bxc5 11.cxd5 exd5 12.Bd3 Bb7 13.Bxe4 dxe4 14.Nd2 Qd3 15.Qc2 Qxc2
16.Rxc2 Ba6 17.f3 exf3 18.gxf3 Nd7 19.Kf2 Rad8 20.Rg1 f6 21.Rcc1 Bd3 22.e4 Rfe8
23.Ke3 Bb5 24.Nb3 Ba4 25.Na5 Re6 26.b3 Bb5 27.a4 Ba6 28.Rcd1 Bc8 29.Rd5 Rde8
30.Nc4 R8e7 31.Nd6 Nb6 32.Rd2 Bb7 33.Nf5 Nd5+ 34.Rxd5 Bxd5 35.Nxe7+ Rxe7
36.Bxf6 Rf7 37.Bxg7 Bxb3 38.Bh6+ Kh8 39.Bf4 h6 40.a5 Kh7 41.Be5 c4 42.Bc3 Rd7
43.Bd4 Bc2 44.f4 c3 45.Rc1 Ba4 46.Rxc3 a6 47.f5 Kg8 48.e5 Rd8 49.e6  1-0